Matematičeskoje otkrytije : Rešenije zadač

Salvato in:
Dettagli Bibliografici
Autore principale: Polya, George (Autore)
Natura: Libro
Lingua:russo
Pubblicazione: Moskva : Nauka, 1976
Edizione:2.izd.streotip.
Tags: Aggiungi Tag
Nessun Tag, puoi essere il primo ad aggiungerne!!

MARC

LEADER 00000nam a22000003a 4500
001 stu201182
005 20150617230110.4
008 100318s1976----xxr-----------------rus-d
040 |a STU  |b slo 
041 0 |a rus 
044 |a xxr 
080 |a 51  |7 stu_us_auth*stu8333 
100 1 |a Polya, George  |4 aut 
242 0 0 |a Mathematical discovery 
245 1 |a Matematičeskoje otkrytije :  |b Rešenije zadač 
250 |a 2.izd.streotip. 
260 |a Moskva :  |b Nauka,  |c 1976 
300 |a 448 s 
996 |b E38830  |c E*38830  |l EE03  |s P  |a 0  |w stu201182_0001